[Event "14th IBCA World Chess Championship for Blind 2019"]
[Site "Cagliari"]
[Date "2019.04.12"]
[Round "7"]
[Board "18"]
[White "Ursic, Aleksander"]
[Black "Fernandez Manrique, Agustin"]
[Result "0-1"]
[WhiteElo "1912"]
[BlackElo "2120"]
[PlyCount "76"]
[EventDate "2019.04.06"]
[EventRounds "9"]
[EventCountry "ITA"]

1. d4 d6 2. c4 g6 3. Nc3 Nf6 4. e4 Bg7 5. Nge2 O-O 6. Ng3 c5 7. d5 e6 8. Be2
exd5 9. exd5 Re8 10. O-O a6 11. a4 Nbd7 12. Bg5 h6 13. Be3 Ne5 14. h3 Nh7 15.
Qd2 h5 16. f4 Nxc4 17. Bxc4 Rxe3 18. Qxe3 Bd4 19. Rae1 h4 20. Nge4 Bxe3+ 21.
Rxe3 Bf5 22. Rfe1 Kg7 23. Nd2 Nf6 24. Nf3 Qh8 25. Re7 Re8 26. Ng5 Rxe7 27. Rxe7
Qd8 28. Rxf7+ Kg8 29. Rxb7 Nh5 30. Ne2 Nxf4 31. Nf7 Nxe2+ 32. Bxe2 Qa5 33. Nh6+
Kf8 34. Nxf5 Qe1+ 35. Bf1 gxf5 36. Rb6 a5 37. Rxd6 Qe3+ 38. Kh1 Qf4  0-1

[Event "14th IBCA World Chess Championship for Blind 2019"]
[Site "Cagliari"]
[Date "2019.04.12"]
[Round "7"]
[Board "19"]
[White "Ross, Chris N"]
[Black "Pohlers, Juergen"]
[Result "1-0"]
[WhiteElo "2224"]
[BlackElo "1923"]
[PlyCount "105"]
[EventDate "2019.04.06"]
[EventRounds "9"]
[EventCountry "ITA"]

1. e4 c5 2. Nf3 Nc6 3. Bb5 g6 4. Bxc6 dxc6 5. d3 Bg7 6. h3 Nf6 7. Nc3 Nd7 8.
Be3 b6 9. Qd2 h6 10. O-O Nf8 11. Nh2 Ne6 12. Rae1 Ba6 13. f4 Bd4 14. f5 Nf8 15.
fxg6 Nxg6 16. Kh1 Bxe3 17. Rxe3 Bc8 18. Ref3 Be6 19. Ne2 Qd6 20. Nf4 Nxf4 21.
Qxf4 Qxf4 22. Rxf4 O-O-O 23. b3 Rdg8 24. R1f2 Rg7 25. Nf1 Rhg8 26. Kh2 Kd7 27.
R4f3 Rg5 28. Ng3 h5 29. Ne2 f6 30. Rg3 Kd6 31. Re3 Bd7 32. Ng1 R8g6 33. Nf3 Rg3
34. Ree2 Rg8 35. e5+ Kc7 36. exf6 exf6 37. Nh4 f5 38. Nxf5 R3g5 39. Nh4 R8g7
40. Nf3 Rf5 41. Re5 Rgf7 42. Rxf5 Rxf5 43. Re2 Kd6 44. Kg3 Rf8 45. Kh4 Be8 46.
Ng5 Kd7 47. Ne4 Bg6 48. Kg5 Bxe4 49. dxe4 Ke6 50. Kxh5 Ke5 51. Kg6 Rg8+ 52. Kf7
Rg5 53. g4  1-0

[Event "14th IBCA World Chess Championship for Blind 2019"]
[Site "Cagliari"]
[Date "2019.04.12"]
[Round "7"]
[Board "20"]
[White "Draganov, Ruslan"]
[Black "Donmez, Unal"]
[Result "1-0"]
[WhiteElo "2162"]
[BlackElo "1887"]
[PlyCount "51"]
[EventDate "2019.04.06"]
[EventRounds "9"]
[EventCountry "ITA"]

1. Nf3 Nf6 2. b3 b6 3. Bb2 Bb7 4. d4 d5 5. Nbd2 e6 6. Ne5 Nbd7 7. e3 a6 8. Bd3
Bd6 9. Qf3 Qe7 10. O-O h5 11. Nxd7 Kxd7 12. Rfe1 Ng4 13. Nf1 f5 14. c4 dxc4 15.
Qxb7 Bxh2+ 16. Nxh2 Qh4 17. Nxg4 hxg4 18. Kf1 cxd3 19. g3 Qg5 20. Rac1 Rac8 21.
Qc6+ Kd8 22. Red1 Rh2 23. Rxd3 Qh6 24. Ke2 Qh3 25. Rg1 g5 26. d5  1-0

[Event "14th IBCA World Chess Championship for Blind 2019"]
[Site "Cagliari"]
[Date "2019.04.12"]
[Round "7"]
[Board "21"]
[White "Casadei, Marco"]
[Black "Mueller, Thorsten"]
[Result "1-0"]
[WhiteElo "1921"]
[BlackElo "2086"]
[PlyCount "65"]
[EventDate "2019.04.06"]
[EventRounds "9"]
[EventCountry "ITA"]

1. e4 e6 2. d4 d5 3. Nc3 Nf6 4. Bg5 Be7 5. e5 Nfd7 6. Bxe7 Qxe7 7. f4 a6 8. Nf3
c5 9. Qd2 Nc6 10. dxc5 Qxc5 11. Bd3 Nb6 12. b3 Bd7 13. Ne2 Rc8 14. c3 Ne7 15.
Rc1 Nf5 16. Ned4 O-O 17. O-O Qa5 18. Nxf5 exf5 19. Nd4 Qc5 20. Kh1 g6 21. Rf3
Rfe8 22. Rh3 h5 23. Qf2 a5 24. Be2 Kf8 25. Bxh5 gxh5 26. Rxh5 Re6 27. Qh4 Rg6
28. Rh8+ Rg8 29. Qh6+ Ke7 30. Qf6+ Kf8 31. Qh6+ Ke7 32. Qf6+ Kf8 33. e6  1-0

[Event "14th IBCA World Chess Championship for Blind 2019"]
[Site "Cagliari"]
[Date "2019.04.12"]
[Round "7"]
[Board "22"]
[White "Tonteri, Ari"]
[Black "Vela Ignacio, Jose Manuel"]
[Result "0-1"]
[WhiteElo "1870"]
[BlackElo "2038"]
[PlyCount "70"]
[EventDate "2019.04.06"]
[EventRounds "9"]
[EventCountry "ITA"]

1. e4 e5 2. Nf3 Nc6 3. Bb5 f5 4. Nc3 fxe4 5. Nxe4 Nf6 6. Nxf6+ gxf6 7. Nh4 Qe7
8. Qh5+ Kd8 9. c3 d5 10. O-O Be6 11. d4 Rg8 12. Qd1 e4 13. Be3 f5 14. Qh5 f4
15. Bxf4 Qd7 16. Be2 a5 17. a4 Kc8 18. f3 b6 19. fxe4 dxe4 20. Bg3 Kb7 21. Bb5
Bg4 22. Bxc6+ Qxc6 23. Qxh7 Bh6 24. Rf7 Rac8 25. Rxc7+ Rxc7 26. Qxg8 Rg7 27.
Qb8+ Ka6 28. Qd6 Qxd6 29. Bxd6 e3 30. Kf1 Be6 31. g3 Rf7+ 32. Ke1 Bc4 33. Kd1
Bd3 34. Ng2 Rf1+ 35. Ne1 e2#  0-1

[Event "14th IBCA World Chess Championship for Blind 2019"]
[Site "Cagliari"]
[Date "2019.04.12"]
[Round "7"]
[Board "23"]
[White "Migala, Andrzej"]
[Black "Holmela, Kari"]
[Result "1-0"]
[WhiteElo "2037"]
[BlackElo "1840"]
[PlyCount "105"]
[EventDate "2019.04.06"]
[EventRounds "9"]
[EventCountry "ITA"]

1. e4 c5 2. Nf3 d6 3. Nc3 Nc6 4. d4 cxd4 5. Nxd4 Nf6 6. g3 g6 7. Nde2 Bg7 8.
Bg2 O-O 9. O-O a6 10. a4 Bg4 11. h3 Bd7 12. Nd5 Rc8 13. Re1 Nxd5 14. exd5 Ne5
15. Ra2 h5 16. b3 Be8 17. Nd4 Bf6 18. a5 Kg7 19. Be3 Rh8 20. c4 Rc5 21. Qd2 Qc8
22. f4 Nxc4 23. bxc4 Rxc4 24. Bf1 Rc7 25. Rc2 Bd7 26. Rxc7 Qxc7 27. Rc1 Qd8 28.
Qb4 Bc8 29. Nf3 Re8 30. Bb6 Qd7 31. Nd4 Rh8 32. Rc7 Qe8 33. h4 Rg8 34. Kh2 Rf8
35. Bh3 Bxh3 36. Kxh3 Rg8 37. Kg2 Rf8 38. Rxb7 Qc8 39. Rc7 Qg4 40. Nf3 Qf5 41.
Qc4 Qb1 42. Qxa6 Qa2+ 43. Kh3 Qxd5 44. Qe2 Qf5+ 45. Kg2 e5 46. fxe5 dxe5 47.
Rc4 Re8 48. Re4 Rc8 49. Nxe5 Bxe5 50. Rxe5 Qb1 51. Rc5 Rf8 52. Rb5 Qc1 53. Qb2+
 1-0

[Event "14th IBCA World Chess Championship for Blind 2019"]
[Site "Cagliari"]
[Date "2019.04.12"]
[Round "7"]
[Board "24"]
[White "Badano, Giancarlo"]
[Black "Schellmann, Frank"]
[Result "0-1"]
[WhiteElo "1857"]
[BlackElo "2033"]
[PlyCount "86"]
[EventDate "2019.04.06"]
[EventRounds "9"]
[EventCountry "ITA"]

1. e4 e5 2. Nf3 Nc6 3. Bc4 Nf6 4. d3 Bc5 5. Nc3 d6 6. h3 Be6 7. Bb3 Bxb3 8.
axb3 d5 9. exd5 Nxd5 10. Nxd5 Qxd5 11. O-O O-O 12. Be3 Bxe3 13. fxe3 e4 14. Ne1
exd3 15. Nxd3 Rad8 16. Qf3 a5 17. Ra4 Qxf3 18. gxf3 Rfe8 19. Re1 Ne5 20. Nxe5
Rxe5 21. Kf2 b6 22. Rd4 Rxd4 23. exd4 Rxe1 24. Kxe1 Kf8 25. Kd2 Ke7 26. Kd3 Ke6
27. Ke4 f5+ 28. Kf4 Kf6 29. c4 g5+ 30. Ke3 h5 31. Kf2 g4 32. Kg3 Kg5 33. h4+
Kf6 34. Kf4 Ke6 35. Kg3 Kd6 36. Kf4 Kc6 37. Kg3 b5 38. Kf4 a4 39. fxg4 fxg4 40.
cxb5+ Kxb5 41. bxa4+ Kxa4 42. d5 Kb3 43. d6 cxd6  0-1

[Event "14th IBCA World Chess Championship for Blind 2019"]
[Site "Cagliari"]
[Date "2019.04.12"]
[Round "7"]
[Board "25"]
[White "Armstrong, William G"]
[Black "Grybas, Gintaras"]
[Result "0-1"]
[WhiteElo "1800"]
[BlackElo "2006"]
[PlyCount "66"]
[EventDate "2019.04.06"]
[EventRounds "9"]
[EventCountry "ITA"]

1. d4 d5 2. Bf4 Nf6 3. e3 Bg4 4. Nf3 e6 5. Nbd2 Be7 6. h3 Bh5 7. Bd3 O-O 8. c3
c5 9. Rc1 Nc6 10. O-O Rc8 11. Qe1 Qb6 12. b3 Bg6 13. Bxg6 hxg6 14. dxc5 Bxc5
15. b4 Be7 16. a4 a6 17. Rb1 Na7 18. Rb3 Qc6 19. Qa1 b5 20. Ne5 Qb7 21. Ra3 Ne4
22. Nxe4 dxe4 23. Rc1 Nc6 24. axb5 axb5 25. Rd1 Rfd8 26. Rxd8+ Rxd8 27. Nxc6
Qxc6 28. Ra7 Bf6 29. Rc7 Qd5 30. Qa7 e5 31. Bg3 Ra8 32. Qb7 Ra1+ 33. Kh2 Qd1
 0-1

[Event "14th IBCA World Chess Championship for Blind 2019"]
[Site "Cagliari"]
[Date "2019.04.12"]
[Round "7"]
[Board "27"]
[White "Vrioni, Bersan"]
[Black "Saltik, Suleyman"]
[Result "0-1"]
[WhiteElo "1924"]
[BlackElo "1652"]
[PlyCount "56"]
[EventDate "2019.04.06"]
[EventRounds "9"]
[EventCountry "ITA"]

1. e4 e5 2. Nc3 Bc5 3. Bc4 Ne7 4. Nf3 d6 5. Ng5 d5 6. exd5 O-O 7. Qh5 Bf5 8. d6
Qxd6 9. Bxf7+ Kh8 10. O-O Bxc2 11. Ne6 Nd7 12. Nxf8 Rxf8 13. Bc4 Qd4 14. Qe2 e4
15. Nb5 Qe5 16. d4 exd3 17. Bxd3 Bxd3 18. Qxd3 Nf6 19. Be3 Ng4 20. g3 Nxe3 21.
fxe3 Bxe3+ 22. Kh1 Nf5 23. g4 Qc5 24. Rad1 Qc6+ 25. Qd5 Ng3+ 26. hxg3 Rxf1+ 27.
Kh2 Qh6+ 28. Qh5 Rxd1  0-1

[Event "14th IBCA World Chess Championship for Blind 2019"]
[Site "Cagliari"]
[Date "2019.04.12"]
[Round "7"]
[Board "28"]
[White "Morariu, Ionel"]
[Black "Rositsan, Boris"]
[Result "1/2-1/2"]
[WhiteElo "1862"]
[BlackElo "2069"]
[PlyCount "121"]
[EventDate "2019.04.06"]
[EventRounds "9"]
[EventCountry "ITA"]

1. e4 e5 2. Nf3 Nc6 3. Bc4 Be7 4. O-O Nf6 5. Re1 d6 6. c3 O-O 7. h3 Nxe4 8.
Rxe4 d5 9. Re1 dxc4 10. Nxe5 Nxe5 11. Rxe5 Bf6 12. Re1 Qd5 13. b3 b5 14. bxc4
bxc4 15. Qe2 Bb7 16. f3 Bh4 17. Rd1 Rfe8 18. Qf1 Re6 19. Na3 Qc5+ 20. Kh1 Rae8
21. Nc2 Bc6 22. Ba3 Qd5 23. Ne3 Qd3 24. Rab1 Ba4 25. Nxc4 Qxf1+ 26. Rxf1 Bc2
27. Bc5 Bxb1 28. Rxb1 Re1+ 29. Rxe1 Rxe1+ 30. Kh2 a6 31. Ne3 Ra1 32. a3 Re1 33.
g3 Bf6 34. Ng2 Re2 35. Be3 Be7 36. a4 Ba3 37. Kg1 Bc1 38. Kf1 Rxd2 39. Bxd2
Bxd2 40. c4 Kf8 41. Ke2 Bb4 42. Ne3 g6 43. Kd3 Ke7 44. Ke4 Be1 45. Nd5+ Kd6 46.
g4 Bd2 47. h4 Bc1 48. Nb4 Bb2 49. Nd3 Bf6 50. c5+ Kd7 51. g5 Bg7 52. h5 Kc6 53.
h6 f5+ 54. gxf6 Bxf6 55. Ne5+ Bxe5 56. Kxe5 Kxc5 57. Kf6 Kd6 58. Kg7 Ke7 59.
Kxh7 Kf7 60. Kh8 Kf8 61. h7  1/2-1/2

[Event "14th IBCA World Chess Championship for Blind 2019"]
[Site "Cagliari"]
[Date "2019.04.12"]
[Round "7"]
[Board "29"]
[White "Bindzus, Ernst"]
[Black "Johansson, Tage"]
[Result "1-0"]
[WhiteElo "1985"]
[BlackElo "1749"]
[PlyCount "47"]
[EventDate "2019.04.06"]
[EventRounds "9"]
[EventCountry "ITA"]

1. e4 e5 2. Nf3 Nf6 3. Nxe5 Nxe4 4. d4 d6 5. Nf3 d5 6. Bd3 Bd6 7. O-O O-O 8. c4
c6 9. Nc3 Nxc3 10. bxc3 Nd7 11. Bg5 Nf6 12. cxd5 cxd5 13. Ne5 Be6 14. f4 h6 15.
Bh4 Be7 16. Qe2 Nd7 17. Bxe7 Qxe7 18. Nxd7 Qxd7 19. f5 Rae8 20. fxe6 Rxe6 21.
Qg4 Qc7 22. Rac1 Rc6 23. Qf5 g6 24. Qxd5  1-0

[Event "14th IBCA World Chess Championship for Blind 2019"]
[Site "Cagliari"]
[Date "2019.04.12"]
[Round "7"]
[Board "31"]
[White "Prpic, Milan"]
[Black "Znuderl, Matej"]
[Result "0-1"]
[WhiteElo "1829"]
[BlackElo "1918"]
[PlyCount "206"]
[EventDate "2019.04.06"]
[EventRounds "9"]
[EventCountry "ITA"]

1. Nf3 Nf6 2. d4 g6 3. c4 c5 4. d5 b5 5. cxb5 a6 6. bxa6 Bxa6 7. Nc3 d6 8. g3
Bg7 9. e4 Bxf1 10. Kxf1 Nbd7 11. Kg2 O-O 12. Re1 Ra6 13. Qd3 Qa8 14. b3 Rb8 15.
Bb2 Ng4 16. Re2 Nge5 17. Nxe5 Nxe5 18. Qc2 c4 19. Na4 f6 20. Bxe5 cxb3 21. axb3
fxe5 22. Re3 Bh6 23. Rc3 Qb7 24. Rd1 Qb4 25. Rc8+ Kg7 26. Rxb8 Qxb8 27. Qc4 Ra7
28. Rb1 Rc7 29. Qd3 Qb4 30. Rb2 Rc8 31. Rc2 Rf8 32. Rc3 g5 33. Qc4 Qb8 34. Qc7
Qe8 35. Rf3 Qd8 36. Qxd8 Rxd8 37. g4 Ra8 38. Nb2 Kg6 39. Rd3 Bg7 40. Nc4 Rb8
41. f3 h5 42. h3 hxg4 43. hxg4 Kf7 44. Na5 Ke8 45. Nc6 Rb6 46. Kf2 e6 47. Ke3
Kd7 48. Kd2 exd5 49. exd5 Bf6 50. b4 Rb5 51. Kc2 Bd8 52. Kb3 Rb7 53. Kc4 Bb6
54. Rd1 Kc8 55. Rh1 Rf7 56. Rh3 Kb7 57. Kb5 Bc7 58. Na5+ Ka7 59. Kc6 Bb8 60.
Kb5 Bc7 61. Rh5 Rg7 62. Kc6 Bb8 63. Nc4 Rb7 64. Rxg5 Rxb4 65. Rg7+ Ka6 66. Nxd6
Rb6+ 67. Kc5 Bxd6+ 68. Kc4 Rb4+ 69. Kc3 Rd4 70. g5 Kb6 71. Rg8 Rf4 72. Rc8
Rxf3+ 73. Kc4 Rf4+ 74. Kc3 Bc7 75. Re8 Rg4 76. Re6+ Kb7 77. d6 Ba5+ 78. Kd3
Rxg5 79. Ke4 Bc3 80. Kd5 Kc8 81. Re8+ Kd7 82. Re7+ Kd8 83. Rc7 Bd4 84. Rb7 Rg1
85. Ke6 Rg6+ 86. Kd5 Kc8 87. Rf7 Rg8 88. Rh7 Rd8 89. Re7 Rd7 90. Re8+ Rd8 91.
Re7 Bb2 92. Ra7 Kb8 93. Re7 Ba3 94. Re6 Bxd6 95. Kc6 Kc8 96. Rh6 Bc7 97. Rh7
Rd6+ 98. Kc5 Kb7 99. Re7 Rd4 100. Rh7 Rd8 101. Rh4 Bb6+ 102. Kb5 Rd5+ 103. Kc4
Rd4+  0-1

[Event "14th IBCA World Chess Championship for Blind 2019"]
[Site "Cagliari"]
[Date "2019.04.12"]
[Round "7"]
[Board "32"]
[White "Barnowski, Sylwester"]
[Black "Began, Branko"]
[Result "1-0"]
[WhiteElo "1771"]
[BlackElo "1862"]
[PlyCount "79"]
[EventDate "2019.04.06"]
[EventRounds "9"]
[EventCountry "ITA"]

1. d4 d5 2. e3 Nf6 3. Bd3 g6 4. f4 Bg7 5. Nf3 O-O 6. O-O Bf5 7. Be2 Ne4 8. Nbd2
Nd7 9. Ne5 Nxd2 10. Bxd2 Be4 11. c3 f5 12. Qb3 Nxe5 13. fxe5 Rb8 14. Bf3 Bxf3
15. Rxf3 e6 16. c4 c6 17. Rc1 Rf7 18. Rff1 b6 19. cxd5 cxd5 20. Rc6 Qe8 21.
Rfc1 Rd7 22. R1c3 Kf7 23. Qc2 Qe7 24. Rc7 Rbd8 25. Rc8 Rxc8 26. Rxc8 Rb7 27. a3
Qd7 28. Bb4 Bh6 29. Kf2 Bg5 30. Bd6 Be7 31. Rc6 Bd8 32. Qc1 Be7 33. Ke2 Bd8 34.
e4 Qe8 35. exd5 exd5 36. Kf3 Kg8 37. Rc8 Rd7 38. Qc6 Kf7 39. Qxd5+ Kg7 40. e6
 1-0

[Event "14th IBCA World Chess Championship for Blind 2019"]
[Site "Cagliari"]
[Date "2019.04.12"]
[Round "7"]
[Board "33"]
[White "Rutkowski, Jerzy"]
[Black "Kaliner, Arik"]
[Result "1-0"]
[WhiteElo "1980"]
[BlackElo "1644"]
[PlyCount "75"]
[EventDate "2019.04.06"]
[EventRounds "9"]
[EventCountry "ITA"]

1. e4 e5 2. Nf3 Nc6 3. Bb5 d6 4. h3 Nf6 5. O-O Be7 6. Re1 O-O 7. c3 a6 8. Ba4
b5 9. Bc2 Be6 10. d4 exd4 11. Nxd4 Qd7 12. f4 Nxd4 13. cxd4 Bxh3 14. gxh3 Qxh3
15. Re2 Qg4+ 16. Rg2 Qxd1+ 17. Bxd1 Nxe4 18. Nc3 Nxc3 19. bxc3 f5 20. Bf3 Rab8
21. Bc6 Rb6 22. d5 Bf6 23. Be3 Rbb8 24. Bd4 Bxd4+ 25. cxd4 Rf6 26. Re1 Kf8 27.
Bd7 Rd8 28. Be6 Re8 29. Rc2 Rh6 30. Rec1 Rh4 31. Rxc7 Rxf4 32. Kg2 Re7 33. Rxe7
Kxe7 34. Kg3 Rg4+ 35. Kf3 Rg6 36. Bxf5 Rh6 37. Rg1 Rh2 38. Ke3 {...}  1-0

[Event "14th IBCA World Chess Championship for Blind 2019"]
[Site "Cagliari"]
[Date "2019.04.12"]
[Round "7"]
[Board "35"]
[White "Krishna, Udupa"]
[Black "Dal, Ibrahim"]
[Result "1-0"]
[WhiteElo "1740"]
[BlackElo "1606"]
[PlyCount "45"]
[EventDate "2019.04.06"]
[EventRounds "9"]
[EventCountry "ITA"]

1. d4 c6 2. Bf4 d5 3. e3 Bf5 4. c4 e6 5. Nc3 Nd7 6. Qb3 Qb6 7. c5 Qxb3 8. axb3
Ngf6 9. b4 Be7 10. b5 cxb5 11. Bxb5 O-O 12. c6 bxc6 13. Bxc6 Bb4 14. Bxa8 Rxa8
15. Nge2 Bd3 16. f3 Nb6 17. Kf2 Nc4 18. b3 Nb6 19. Rhd1 Bc2 20. Rd2 Bxb3 21.
Rb2 Bxc3 22. Nxc3 Bc4 23. Rxb6  1-0

[Event "14th IBCA World Chess Championship for Blind 2019"]
[Site "Cagliari"]
[Date "2019.04.12"]
[Round "7"]
[Board "36"]
[White "Tishuki, Daut"]
[Black "Ymeri, Rinor"]
[Result "1/2-1/2"]
[WhiteElo "1547"]
[BlackElo "1680"]
[PlyCount "61"]
[EventDate "2019.04.06"]
[EventRounds "9"]
[EventCountry "ITA"]

1. d4 d5 2. c4 e5 3. cxd5 Qxd5 4. Nf3 Nc6 5. Nc3 Bb4 6. a3 Bxc3+ 7. bxc3 e4 8.
Nd2 Nf6 9. e3 b5 10. Qc2 Bf5 11. a4 O-O 12. axb5 Ne7 13. c4 Qb7 14. Ba3 Rfe8
15. c5 c6 16. Rb1 Qc8 17. Be2 Bg4 18. Bc4 Be6 19. O-O Bxc4 20. Nxc4 Qc7 21. Nd6
Ng4 22. h3 Nf6 23. Nxe4 Nxe4 24. Qxe4 cxb5 25. Rxb5 Nc6 26. Qc2 a6 27. Rb6 a5
28. Rfb1 Ra7 29. d5 Nb4 30. Bxb4 axb4 31. R6xb4  1/2-1/2

[Event "14th IBCA World Chess Championship for Blind 2019"]
[Site "Cagliari"]
[Date "2019.04.12"]
[Round "7"]
[Board "37"]
[White "Pugliese, Giuseppe Franco"]
[Black "Christensen, Dan"]
[Result "0-1"]
[WhiteElo "1648"]
[BlackElo "1573"]
[PlyCount "70"]
[EventDate "2019.04.06"]
[EventRounds "9"]
[EventCountry "ITA"]

1. e4 e6 2. d4 c5 3. d5 e5 4. a4 a6 5. Ne2 d6 6. Nec3 Be7 7. Nd2 Nf6 8. Be2
Nbd7 9. Nc4 O-O 10. O-O b6 11. Be3 Bb7 12. Qd2 Re8 13. f4 Bf8 14. f5 h6 15. Qe1
Nh7 16. Qg3 Qf6 17. Nd2 Rac8 18. h4 Be7 19. Nf3 Kh8 20. Qh3 Rc7 21. Bg5 hxg5
22. hxg5 Qxg5 23. Nxg5 Bxg5 24. Kf2 Ndf6 25. Rad1 Kg8 26. Bd3 Kf8 27. Rh1 Bh6
28. g4 Ng5 29. Qg2 Ke7 30. Ne2 c4 31. Bxc4 Rxc4 32. Nc3 Ngxe4+ 33. Ke1 Bg5 34.
Rd3 Rec8 35. Rhh3 Nxc3  0-1

[Event "14th IBCA World Chess Championship for Blind 2019"]
[Site "Cagliari"]
[Date "2019.04.12"]
[Round "7"]
[Board "38"]
[White "Selcuk, Umit"]
[Black "Deville, Olivier"]
[Result "1-0"]
[WhiteElo "1555"]
[BlackElo "1858"]
[PlyCount "33"]
[EventDate "2019.04.06"]
[EventRounds "9"]
[EventCountry "ITA"]

1. e4 c5 2. d4 cxd4 3. c3 g6 4. cxd4 d5 5. e5 Nc6 6. Nc3 Bg7 7. h3 Nh6 8. g4
O-O 9. Bg2 e6 10. h4 Kh8 11. Bxh6 Bxh6 12. g5 Bxg5 13. hxg5 Qxg5 14. Rh2 f6 15.
Nf3 Qf4 16. Rh4 Qf5 17. Bh3  1-0

[Event "14th IBCA World Chess Championship for Blind 2019"]
[Site "Cagliari"]
[Date "2019.04.12"]
[Round "7"]
[Board "40"]
[White "Zenini, Simone"]
[Black "Cizman, Gregor"]
[Result "1/2-1/2"]
[WhiteElo "1435"]
[BlackElo "1564"]
[PlyCount "40"]
[EventDate "2019.04.06"]
[EventRounds "9"]
[EventCountry "ITA"]

1. c4 c6 2. e4 d5 3. cxd5 cxd5 4. exd5 Nf6 5. Qa4+ Nbd7 6. Nc3 a6 7. Nf3 g6 8.
Bc4 Bg7 9. Bb3 O-O 10. O-O Rb8 11. Qf4 b5 12. a3 Bb7 13. d3 Nb6 14. Qh4 Nbxd5
15. Nxd5 Bxd5 16. Bxd5 Qxd5 17. d4 Rbc8 18. Bh6 Rc4 19. Bxg7 Kxg7 20. Rfd1 e6
 1/2-1/2

[Event "14th IBCA World Chess Championship for Blind 2019"]
[Site "Cagliari"]
[Date "2019.04.12"]
[Round "7"]
[Board "42"]
[White "L`Herbon De Lussats, Jean"]
[Black "Morelli, Daniel"]
[Result "0-1"]
[WhiteElo "1312"]
[BlackElo "1382"]
[PlyCount "84"]
[EventDate "2019.04.06"]
[EventRounds "9"]
[EventCountry "ITA"]

1. e4 e6 2. d4 d5 3. Bd3 Nf6 4. e5 Nfd7 5. Nf3 c5 6. Be3 Nc6 7. c3 Qa5 8. O-O
Qc7 9. Re1 Be7 10. Qc2 a6 11. Nbd2 b5 12. b3 Bb7 13. a4 bxa4 14. Rxa4 Rc8 15.
c4 Nb4 16. Qb1 Nb6 17. Ra1 Nxd3 18. Qxd3 cxd4 19. Bxd4 O-O 20. Rec1 Qd8 21. Qe3
Nd7 22. cxd5 Bxd5 23. Nc4 Bc5 24. Nd6 Bxd4 25. Qxd4 Rxc1+ 26. Rxc1 Bxb3 27. Qd3
Bd5 28. Qxa6 Bxf3 29. gxf3 Qg5+ 30. Kh1 Qxc1+ 31. Kg2 Qg5+ 32. Kh1 Nxe5 33. Ne4
Qf4 34. Qf1 Qxf3+ 35. Qg2 Qd1+ 36. Qg1 Qxg1+ 37. Kxg1 Nd3 38. Kg2 Rb8 39. Kg3
Rb3 40. f3 Ne1 41. Nd2 Rd3 42. Ne4 Rxf3+  0-1

[Event "14th IBCA World Chess Championship for Blind 2019"]
[Site "Cagliari"]
[Date "2019.04.13"]
[Round "8"]
[Board "1"]
[White "Nikac, Predrag"]
[Black "Dukaczewski, Piotr"]
[Result "1-0"]
[WhiteElo "2297"]
[BlackElo "2225"]
[PlyCount "65"]
[EventDate "2019.04.06"]
[EventRounds "9"]
[EventCountry "ITA"]

1. e4 c5 2. Nf3 d6 3. d4 cxd4 4. Nxd4 Nf6 5. Nc3 Nc6 6. Bc4 e6 7. O-O a6 8. Be3
Qc7 9. Bb3 Be7 10. f4 Na5 11. Qf3 O-O 12. Rae1 Nxb3 13. cxb3 e5 14. Nf5 Bxf5
15. exf5 Rfe8 16. Rc1 Qa5 17. a3 e4 18. Qh3 b5 19. b4 Qd8 20. g4 Bf8 21. g5 Nd7
22. Nd5 Rc8 23. Qg2 g6 24. f6 Nb8 25. Qg4 Qd7 26. Qxd7 Nxd7 27. Rxc8 Rxc8 28.
Rc1 Rxc1+ 29. Bxc1 h6 30. h4 hxg5 31. hxg5 Bh6 32. gxh6 Kh7 33. Kf2  1-0

[Event "14th IBCA World Chess Championship for Blind 2019"]
[Site "Cagliari"]
[Date "2019.04.13"]
[Round "8"]
[Board "2"]
[White "Tazbir, Marcin"]
[Black "Mueller, Oliver"]
[Result "1-0"]
[WhiteElo "2540"]
[BlackElo "2253"]
[PlyCount "107"]
[EventDate "2019.04.06"]
[EventRounds "9"]
[EventCountry "ITA"]

1. c4 e5 2. g3 d6 3. Bg2 f5 4. Nc3 Nf6 5. d3 Be7 6. b4 c6 7. b5 O-O 8. Qb3 Kh8
9. e3 Qc7 10. Nge2 Nbd7 11. O-O Nc5 12. Qc2 Be6 13. Ba3 Rac8 14. bxc6 bxc6 15.
Rab1 Rfd8 16. Rfd1 Bf7 17. Bxc5 dxc5 18. Qa4 Bd6 19. Qa6 Rd7 20. Rb3 Be6 21.
Rdb1 Qd8 22. Bxc6 Rdc7 23. Bg2 f4 24. exf4 exf4 25. Nxf4 Bxf4 26. Qxe6 Re7 27.
Qf5 Be5 28. Nd5 g6 29. Qxc8 Qxc8 30. Nxe7 Qe6 31. Nd5 Bd4 32. Rb8+ Kg7 33.
R8b7+ Kh6 34. Nxf6 Qxf6 35. Rf1 Qa6 36. Kh1 Qxa2 37. f4 Qe2 38. Rxa7 Qxd3 39.
g4 g5 40. Ra6+ Kg7 41. f5 Bf6 42. Ra7+ Kf8 43. Rc1 Bb2 44. Ra8+ Kg7 45. Ra7+
Kf8 46. Re1 Be5 47. Bd5 Qc3 48. Rb1 Bd6 49. f6 Ke8 50. f7+ Kf8 51. Ra8+ Kg7 52.
Rg8+ Kh6 53. f8=Q+ Bxf8 54. Rb6+  1-0

[Event "14th IBCA World Chess Championship for Blind 2019"]
[Site "Cagliari"]
[Date "2019.04.13"]
[Round "8"]
[Board "3"]
[White "Jandric, Damjan"]
[Black "Smirnov, Alexey"]
[Result "1/2-1/2"]
[WhiteElo "2196"]
[BlackElo "2451"]
[PlyCount "88"]
[EventDate "2019.04.06"]
[EventRounds "9"]
[EventCountry "ITA"]

1. e4 c5 2. Nf3 d6 3. Bb5+ Bd7 4. Bxd7+ Qxd7 5. O-O Nc6 6. Re1 Nf6 7. c3 e6 8.
d4 cxd4 9. cxd4 d5 10. e5 Ne4 11. Nbd2 Nxd2 12. Bxd2 Be7 13. Rc1 O-O 14. Rc3
Rfc8 15. a3 Bd8 16. Rd3 Bb6 17. h4 Ne7 18. h5 h6 19. Nh4 Nf5 20. Nxf5 exf5 21.
Rg3 Qe6 22. Bc3 Rc4 23. Rf3 Rac8 24. Qd3 a6 25. Rxf5 Bxd4 26. Bxd4 Rxd4 27.
Qxd4 Qxf5 28. Qxd5 Rc2 29. Qd8+ Kh7 30. Qd4 b5 31. g4 Qf3 32. Qe4+ Qxe4 33.
Rxe4 Rxb2 34. Re3 a5 35. Kg2 a4 36. Rc3 g5 37. Rc8 b4 38. axb4 Rxb4 39. f3 Rb2+
40. Kg3 a3 41. Ra8 a2 42. Kh3 Kg7 43. Kg3 Re2 44. Kh3 Rb2  1/2-1/2

[Event "14th IBCA World Chess Championship for Blind 2019"]
[Site "Cagliari"]
[Date "2019.04.13"]
[Round "8"]
[Board "4"]
[White "Babarykin, Stanislav"]
[Black "Kolpakov, Vladyslav"]
[Result "0-1"]
[WhiteElo "2401"]
[BlackElo "2150"]
[PlyCount "78"]
[EventDate "2019.04.06"]
[EventRounds "9"]
[EventCountry "ITA"]

1. d4 Nf6 2. Bf4 c5 3. e3 Qb6 4. Na3 Qxb2 5. Nb5 Nd5 6. a3 a6 7. Rb1 Qa2 8. Qc1
axb5 9. Ra1 Qxa1 10. Qxa1 Nc6 11. dxc5 b4 12. a4 Nc3 13. Ne2 Rxa4 14. Qc1 e5
15. Nxc3 bxc3 16. Bb5 Rb4 17. Bxc6 exf4 18. Bd5 Bxc5 19. exf4 d6 20. O-O O-O
21. g3 Bf5 22. Re1 Rd4 23. Rd1 Rb4 24. Re1 Rd4 25. Rd1 Ba3 26. Qb1 Rd2 27. Bb3
Bb2 28. Rxd2 cxd2 29. Qd1 Bc3 30. Qe2 Ra8 31. Kg2 Kf8 32. Qc4 Be6 33. Qd3 Ke7
34. Bxe6 fxe6 35. Qxc3 d1=Q 36. Qxg7+ Kd8 37. Qf8+ Kc7 38. Qxa8 Qxc2 39. h4
Qe4+ {White Time Zero}  0-1